Infinite dimensional Morse theory and its applications /
Guardado en:
| Autor Principal: | |
|---|---|
| Formato: | Libro |
| Idioma: | English |
| Publicado: |
Montréal, Québec, Canada :
Les Presses de l'Université de Montréal,
1985.
|
| Series: | Séminaire de mathématiques supérieures ;
29 |
| Materias: | |
| Etiquetas: |
Agregar Etiqueta
Sin Etiquetas, Sea el primero en etiquetar este registro!
|
| LEADER | 00963cam a2200229 a 4500 | ||
|---|---|---|---|
| 001 | MAT.inmabb006258 | ||
| 008 | 891129s1985####quc######b####000#0#eng## | ||
| 005 | 20130403170618.0 | ||
| 245 | 1 | 0 | |a Infinite dimensional Morse theory and its applications / |c Kung-Ching Chang. |
| 260 | |a Montréal, Québec, Canada : |b Les Presses de l'Université de Montréal, |c 1985. | ||
| 300 | |a 154 p. ; |c 28 cm. | ||
| 440 | 0 | |a Séminaire de mathématiques supérieures ; |v 29 | |
| 500 | |a Cabecera de portada: Séminaire de mathématiques supérieures, Séminaire scientifique OTAN (Nato Advanced Study Institute), Département de mathématiques et de statistique--Université de Montréal. | ||
| 504 | |a Bibliografía: p. [150]-154. | ||
| 510 | 4 | |a MR, |c 87m:58032 | |
| 020 | |a 2760607348 (pbk.) | ||
| 100 | 1 | |a Chang, Kung-ching. | |
| 650 | 0 | |a Morse theory. | |
| 084 | |a 58E05 (58-02) |2 msc2000 | ||
| 010 | |a 86155537 | ||
| 040 | |a DLC |c DLC |d DLC | ||
| 859 | |h 58 |i C456 |p A-5752 |b BIB. MATEMATICA | ||
